Online Catalogue and eLibrary

Indiyawe adyapanika charikavak ha sabde ksetra sangarava (Record no. 2015)

MARC details
000 -LEADER
fixed length control field 00459nam a2200157Ia 4500
005 - DATE AND TIME OF LATEST TRANSACTION
control field 20250529033902.0
008 - FIXED-LENGTH DATA ELEMENTS--GENERAL INFORMATION
fixed length control field 240331s9999 xx 000 0 und d
020 ## - INTERNATIONAL STANDARD BOOK NUMBER
ISBN 9559586505
082 ## - DDC Classification
Item Number - Author Mark KOD
Class No. 305
100 ## - MAIN ENTRY--PERSONAL NAME
Personal name Kodituwakku, G
245 #0 - TITLE STATEMENT
Title Indiyawe adyapanika charikavak ha sabde ksetra sangarava
260 ## - PUBLICATION, DISTRIBUTION, ETC.
Place of publication, distribution, etc. Anuradhapura
Name of publisher, distributor, etc. Upali Printers
Date of publication, distribution, etc. 1995
300 ## - PHYSICAL DESCRIPTION
Extent (e.g. Volumes, Pages etc.) 141 p .,
500 ## - GENERAL NOTE
General note The Field Journal Related to an Educational Tour in India
942 ## - Koha item type (Biblio)
Koha item type Books in Stacks (Lending)
Holdings
Lost status Damaged status Collection code Home library Current library Shelving location Date acquired Full call number Accession Number Item type
    Lending WERC Library WERC Library Social Science Cupboard 03/31/2024 305.8 KOD 5223 Books in Stacks (Lending)

© WERC Library